00350nam a2200145Ia 4500008004100000020001800041041000800059082001600067100001300083245004600096260002500142300000800167365001600175700001300191230718s9999 xx 000 0 und d a9789388326537 aeng a324.22bNAY aNayar K. aOn Leaders And IconsbFrom Jinnah to Modi c2019bSpeaking Tiger a183 cRs.b499.00 aNayar K.